Về trường phái kinh tế học pháp luật Sách tham khảo
Đã lưu trong:
| Tác giả chính: | |
|---|---|
| Định dạng: | Sách |
| Ngôn ngữ: | Vietnamese |
| Được phát hành: |
hà Nội
Chính trị quốc gia sự thật
2012
|
| Những chủ đề: | |
| Các nhãn: |
Thêm thẻ
Không có thẻ, Là người đầu tiên thẻ bản ghi này!
|
| Thư viện lưu trữ: | Trung tâm Học liệu Lê Vũ Hùng, Trường Đại học Đồng Tháp |
|---|
| LEADER | 00656pam a22001818a 4500 | ||
|---|---|---|---|
| 001 | 00030524 | ||
| 005 | 20181227161212.0 | ||
| 008 | 130410s2012 ||||||viesd | ||
| 020 | # | # | |c 31000 |
| 041 | 0 | # | |a vie |
| 082 | 1 | 4 | |a 340.11 |b V250TR |
| 100 | 1 | # | |a Dương Thị Thanh Mai |e Chủ biên |
| 245 | 0 | 0 | |a Về trường phái kinh tế học pháp luật |b Sách tham khảo |c Dương Thị Thanh Mai |
| 260 | # | # | |a hà Nội |b Chính trị quốc gia sự thật |c 2012 |
| 300 | # | # | |a 215tr. |c 19cm. |
| 653 | # | # | |a Kinh tế học |
| 910 | # | # | |d 10/04/2013 |
| 980 | # | # | |a Trung tâm Học liệu Lê Vũ Hùng, Trường Đại học Đồng Tháp |